Fundamentos de física Cuántica para ingeniería.

Bibliographic Details
Main Author: Fernandez Córdoba Castella, Pedro
Format: Section = Libro
Language:Undetermined
Spanish
Published: México Limusa 2007
Subjects:
LEADER 00603nam a2200205Ia 4500
008 240829s9999 xx 000 0 und d
020 |a 978-968-18-6863 
040 |a BIBLIOTECA-RUSB/ 530.12 F363 
041 |a spa 
082 |a 530.12 F363 
100 1 |a Fernandez Córdoba Castella, Pedro  
245 1 0 |a Fundamentos de física Cuántica para ingeniería. 
260 |a México  |b Limusa  |c 2007 
300 |a 356 p. :il. 
650 7 |a FISICA CUANTICA 
650 7 |b  CAMPO ELECTROMAGNETICO 
650 7 |c  DINAMICA CUANTICA. Urchueguia Scholzel, Javie Fermin 
942 |c BK  |2 ddc 
991 |a TEXTO 
999 |c 2051